Debt reduction and new loans <a> contranting perspective

Enregistré dans:
Détails bibliographiques
Auteur principal: Carlson, John A.
Autres auteurs: Husain, Aasim M., Zimmerman, Jeffrey A.
Format: Livre
Langue:anglais
Publié: Washington International Monetary Fund 1997
Collection:IMF Working Paper WP/97/95
Sujets:
Tags: Ajouter un tag
Pas de tags, Soyez le premier à ajouter un tag!

MARC

LEADER 00000nam a2200000 4500
001 c100115
005 20221124074517.0
041 0 |a eng 
044 |a US 
245 1 0 |a Debt reduction and new loans  |b <a> contranting perspective  |c John A. Carlson, Aasim M. Husain, Jeffrey A. Zimmerman 
264 1 |a Washington  |b International Monetary Fund  |c 1997 
300 |a 24 s. 
490 1 |a IMF Working Paper  |v WP/97/95 
830 0 |a IMF Working Paper  |v WP/97/95 
610 2 0 |a dlhy 
610 2 0 |a úver zahraničný 
610 2 0 |a pôžičky zahraničné 
610 2 0 |a splátky 
610 2 0 |a plán úverový 
100 1 |a Carlson, John A. 
700 1 |a Husain, Aasim M. 
700 1 |a Zimmerman, Jeffrey A.